| 000 | 00691nam a2200217Ia 4500 | ||
|---|---|---|---|
| 003 | GCL | ||
| 005 | 20240530102755.0 | ||
| 008 | 140319s9999 xx 000 0 ara d | ||
| 040 |
_aGCL / _cGCL |
||
| 082 | 0 | 4 |
_a301.35 _bق/ج ق |
| 100 | 1 | _aجلال مدبولى | |
| 245 | 1 | 0 |
_aالقرية المصرية: دراسات اجتماعية فى التنمية والتغير / _cجلال مدبولى |
| 260 |
_a[S.N] : _bمكتبة نهضة الشرق ، _c1980 |
||
| 650 | 0 | 4 | _aالعلم |
| 650 | 0 | 4 | _aالاجتماع |
| 650 | 0 | 4 | _aالتنمية |
| 650 | 0 | 4 | _aالتغير الاجتماعى |
| 650 | 0 | 4 | _aالتنمية الريفية |
| 650 | 0 | 4 | _aالقرى |
| 942 |
_2ddc _cBK |
||
| 999 |
_c34560 _d34560 |
||